<?xml version="1.0" encoding="UTF-8"?>
<record
    xmlns:xsi="http://www.w3.org/2001/XMLSchema-instance"
    xsi:schemaLocation="http://www.loc.gov/MARC21/slim http://www.loc.gov/standards/marcxml/schema/MARC21slim.xsd"
    xmlns="http://www.loc.gov/MARC21/slim">

  <leader>00902nam0a2200289   4500</leader>
  <controlfield tag="001">RU\NLR\ONL1\1037</controlfield>
  <controlfield tag="005">20251118181800.5</controlfield>
  <datafield tag="035" ind1=" " ind2=" ">
    <subfield code="a">(NLR Aleph) 009629795</subfield>
  </datafield>
  <datafield tag="090" ind1=" " ind2=" ">
    <subfield code="a">9486111</subfield>
    <subfield code="c">9486111</subfield>
  </datafield>
  <datafield tag="100" ind1=" " ind2=" ">
    <subfield code="a">20020916d1997    u  y0rusy50      ca</subfield>
  </datafield>
  <datafield tag="101" ind1="1" ind2=" ">
    <subfield code="a">krl</subfield>
    <subfield code="b">rus</subfield>
    <subfield code="c">grc</subfield>
  </datafield>
  <datafield tag="102" ind1=" " ind2=" ">
    <subfield code="a">RU</subfield>
  </datafield>
  <datafield tag="105" ind1=" " ind2=" ">
    <subfield code="a">a |||||||||</subfield>
  </datafield>
  <datafield tag="200" ind1="1" ind2=" ">
    <subfield code="a">Jevangelii Matfein mugan</subfield>
  </datafield>
  <datafield tag="210" ind1=" " ind2=" ">
    <subfield code="a">Stokgol'm</subfield>
    <subfield code="a">Helsinki</subfield>
    <subfield code="c">Biblienki&#xE4; n&#xE4;nduinst.</subfield>
    <subfield code="d">1997</subfield>
  </datafield>
  <datafield tag="215" ind1=" " ind2=" ">
    <subfield code="a">102 c.</subfield>
    <subfield code="c">&#x43A;&#x430;&#x440;&#x442;</subfield>
    <subfield code="d">17</subfield>
  </datafield>
  <datafield tag="300" ind1=" " ind2=" ">
    <subfield code="a">&#x427;&#x430;&#x441;&#x442;&#x44C; &#x442;&#x435;&#x43A;&#x441;&#x442;&#x430; &#x440;&#x443;&#x441;.</subfield>
  </datafield>
  <datafield tag="541" ind1="1" ind2=" ">
    <subfield code="a">&#x415;&#x432;&#x430;&#x43D;&#x433;&#x435;&#x43B;&#x438;&#x435; &#x43E;&#x442; &#x41C;&#x430;&#x442;&#x444;&#x435;&#x44F;</subfield>
    <subfield code="z">rus</subfield>
  </datafield>
  <datafield tag="605" ind1=" " ind2=" ">
    <subfield code="a">&#x411;&#x438;&#x431;&#x43B;&#x438;&#x44F;</subfield>
    <subfield code="i">&#x41D;&#x43E;&#x432;&#x44B;&#x439; &#x417;&#x430;&#x432;&#x435;&#x442;</subfield>
    <subfield code="i">&#x415;&#x432;&#x430;&#x43D;&#x433;&#x435;&#x43B;&#x438;&#x435; &#x43E;&#x442; &#x41C;&#x430;&#x442;&#x444;&#x435;&#x44F;</subfield>
    <subfield code="9">2115270</subfield>
    <subfield code="3">RU\NLR\auth\661277936</subfield>
  </datafield>
  <datafield tag="686" ind1="1" ind2=" ">
    <subfield code="a">&#x42D;37-22</subfield>
  </datafield>
  <datafield tag="801" ind1=" " ind2="0">
    <subfield code="a">RU</subfield>
    <subfield code="b">NLR</subfield>
    <subfield code="c">20020916</subfield>
    <subfield code="g">PSBO</subfield>
  </datafield>
  <datafield tag="852" ind1=" " ind2=" ">
    <subfield code="a">NLR</subfield>
    <subfield code="b">&#x41E;&#x41D;&#x41B;</subfield>
    <subfield code="j">&#x41A;&#x430;&#x440;&#x435;&#x43B;./2-151</subfield>
  </datafield>
  <datafield tag="899" ind1=" " ind2=" ">
    <subfield code="a">&#x41D;&#x411; &#x420;&#x41A;</subfield>
  </datafield>
  <datafield tag="942" ind1=" " ind2=" ">
    <subfield code="c">BOOK</subfield>
  </datafield>
  <datafield tag="980" ind1=" " ind2=" ">
    <subfield code="a">NB</subfield>
  </datafield>
  <datafield tag="995" ind1=" " ind2=" ">
    <subfield code="5">2013-10-26</subfield>
    <subfield code="b">NLR01</subfield>
    <subfield code="c">NLR01</subfield>
    <subfield code="e">ONL</subfield>
    <subfield code="f">1-4381559</subfield>
    <subfield code="k">&#x41E;&#x41D;&#x41B; &#x41A;&#x430;&#x440;&#x435;&#x43B;./2-151</subfield>
    <subfield code="o">0</subfield>
    <subfield code="r">BOOK</subfield>
    <subfield code="s">_2151</subfield>
  </datafield>
  <datafield tag="995" ind1=" " ind2=" ">
    <subfield code="5">2013-10-26</subfield>
    <subfield code="b">NLR01</subfield>
    <subfield code="c">NLR01</subfield>
    <subfield code="e">ONL</subfield>
    <subfield code="f">9629795-20</subfield>
    <subfield code="o">0</subfield>
    <subfield code="r">BOOK</subfield>
  </datafield>
</record>
